10 biggest cities by Brazilian State - Statistics

General Stats
  • This quiz has been taken 10 times
  • The average score is 43 of 260
Answers on the Map
Answers color-coded by a green-red scale on the quiz's map according to % correct below.
 
Answer Stats
State Population Answer % Correct
Amazonas ~2,281,400 Manaus
100%
Rio de Janeiro ~6,730,700 Rio de Janeiro
100%
São Paulo ~11,887,100 São Paulo
100%
Pará ~1,390,100 Belém
89%
Pernambuco ~1,588,400 Recife
89%
Minas Gerais ~2,415,900 Belo Horizonte
78%
Paraná ~1,830,800 Curitiba
78%
Ceará ~2,578,500 Fortaleza
78%
Rio Grande do Sul ~1,386,300 Porto Alegre
78%
Bahia ~2,564,200 Salvador
78%
Piauí ~58,100 Floriano
67%
Maranhão ~1,081,000 São Luís
67%
Mato Grosso ~675,900 Cuiabá
56%
Goiás ~1,501,000 Goiânia
56%
Rio Grande do Norte ~784,300 Natal
56%
Rondônia ~443,000 Porto Velho
56%
Roraima ~472,200 Boa Vista
44%
São Paulo ~1,181,600 Campinas
44%
Santa Catarina ~584,900 Florianópolis
44%
Paraná ~556,700 Londrina
44%
Amapá ~460,400 Macapá
44%
Tocantins ~316,000 Palmas
44%
Acre ~363,700 Rio Branco
44%
Santa Catarina ~294,700 São José
44%
Piauí ~858,700 Teresina
44%
Santa Catarina ~375,200 Blumenau
33%
Paraná ~349,600 Cascavel
33%
Rio Grande do Sul ~264,600 Gravataí
33%
São Paulo ~1,348,500 Guarulhos
33%
Paraíba ~897,100 João Pessoa
33%
Santa Catarina ~644,000 Joinville
33%
Alagoas ~994,600 Maceió
33%
Rio de Janeiro ~516,800 Niterói
33%
Rio Grande do Sul ~230,100 Novo Hamburgo
33%
São Paulo ~459,500 Osasco
33%
Pernambuco ~375,600 Petrolina
33%
São Paulo ~728,900 Ribeirão Preto
33%
Rio Grande do Sul ~271,200 Santa Maria
33%
Pará ~277,900 Santarém
33%
Minas Gerais ~749,600 Uberlândia
33%
Espírito Santo ~343,400 Vitória
33%
Bahia ~347,800 Vitória da Conquista
33%
Pará ~507,700 Ananindeua
22%
Goiás ~409,100 Anápolis
22%
Sergipe ~630,900 Aracaju
22%
Rio de Janeiro ~518,400 Belford Roxo
22%
Minas Gerais ~429,500 Betim
22%
Mato Grosso do Sul ~948,000 Campo Grande
22%
Rio Grande do Sul ~359,800 Canoas
22%
Maranhão ~126,400 Caxias
22%
Rio Grande do Sul ~458,700 Caxias do Sul
22%
Santa Catarina ~268,200 Chapecó
22%
Amazonas ~55,100 Coari
22%
Paraná ~230,300 Colombo
22%
Santa Catarina ~222,100 Criciúma
22%
Rio de Janeiro ~864,100 Duque de Caxias
22%
Paraná ~295,700 Foz do Iguaçu
22%
Pernambuco ~131,200 Garanhuns
22%
Paraná ~164,600 Guarapuava
22%
Tocantins ~88,100 Gurupi
22%
Santa Catarina ~285,400 Itajaí
22%
Pernambuco ~679,400 Jaboatão dos Guararapes
22%
Santa Catarina ~187,400 Jaraguá do Sul
22%
Rondônia ~125,700 Ji-Paraná
22%
Bahia ~199,700 Juazeiro
22%
Minas Gerais ~558,100 Juiz de Fora
22%
Santa Catarina ~168,300 Lages
22%
Paraná ~416,800 Maringá
22%
Rio Grande do Norte ~258,300 Mossoró
22%
Rio de Janeiro ~839,700 Nova Iguaçu
22%
Pernambuco ~364,700 Olinda
22%
Santa Catarina ~250,400 Palhoça
22%
Rio Grande do Sul ~210,000 Passo Fundo
22%
Rio Grande do Sul ~315,500 Pelotas
22%
Rio de Janeiro ~285,900 Petrópolis
22%
Paraná ~365,600 Ponta Grossa
22%
Roraima ~28,100 Rorainópolis
22%
Amapá ~109,000 Santana
22%
São Paulo ~716,400 São José dos Campos
22%
Paraná ~328,300 São José dos Pinhais
22%
Rio Grande do Sul ~224,500 São Leopoldo
22%
Mato Grosso ~103,200 Tangará da Serra
22%
Amazonas ~64,800 Tefé
22%
Minas Gerais ~348,900 Uberaba
22%
Espírito Santo ~496,400 Vila Velha
22%
Rio de Janeiro ~279,300 Volta Redonda
22%
Pará ~104,000 Abaetetuba
11%
Maranhão ~98,200 Açailândia
11%
Goiás ~244,800 Águas Lindas de Goiás
11%
Goiás ~555,400 Aparecida de Goiânia
11%
Espírito Santo ~78,300 Aracruz
11%
Tocantins ~178,000 Araguaína
11%
Alagoas ~224,900 Arapiraca
11%
Rondônia ~94,700 Ariquemes
11%
Maranhão ~86,300 Bacabal
11%
Maranhão ~93,200 Balsas
11%
Pará ~114,700 Barcarena
11%
Bahia ~154,700 Barreiras
11%
Pernambuco ~201,800 Cabo de Santo Agostinho
11%
Mato Grosso ~78,400 Cáceres
11%
Espírito Santo ~182,200 Cachoeiro de Itapemirim
11%
Rondônia ~78,800 Cacoal
11%
Bahia ~314,700 Camaçari
11%
Pernambuco ~156,100 Camaragibe
11%
Paraíba ~423,700 Campina Grande
11%
Rio de Janeiro ~453,100 Campos dos Goytacazes
11%
Espírito Santo ~371,900 Cariacica
11%
Pernambuco ~360,400 Caruaru
11%
Pará ~193,500 Castanhal
11%
Goiás ~114,200 Catalão
11%
Ceará ~332,100 Caucaia
11%
Maranhão ~86,100 Codó
11%
Espírito Santo ~113,300 Colatina
11%
Minas Gerais ~650,800 Contagem
11%
Mato Grosso do Sul ~90,500 Corumbá
11%
Ceará ~108,800 Crato
11%
Acre ~73,400 Cruzeiro do Sul
11%
Mato Grosso do Sul ~238,600 Dourados
11%
Sergipe ~59,000 Estância
11%
Paraná ~163,500 Fazenda Rio Grande
11%
Bahia ~614,400 Feira de Santana
11%
Minas Gerais ~249,900 Governador Valadares
11%
Espírito Santo ~129,100 Guarapari
11%
Amazonas ~43,800 Humaitá
11%
Bahia ~167,700 Ilhéus
11%
Maranhão ~274,200 Imperatriz
11%
Minas Gerais ~234,700 Ipatinga
11%
Amazonas ~52,500 Iranduba
11%
Bahia ~193,100 Itabuna
11%
Amazonas ~71,500 Itacoatiara
11%
Pará ~109,300 Itaituba
11%
Ceará ~295,500 Juazeiro do Norte
11%
Sergipe ~78,700 Lagarto
11%
Bahia ~219,500 Lauro de Freitas
11%
Espírito Santo ~144,300 Linhares
11%
Goiás ~212,800 Luziânia
11%
Amazonas ~72,800 Manacapuru
11%
Pará ~261,700 Marabá
11%
Ceará ~247,800 Maracanaú
11%
Ceará ~72,200 Maranguape
11%
Pará ~119,100 Marituba
11%
Minas Gerais ~413,700 Montes Claros
11%
Sergipe ~200,500 Nossa Senhora do Socorro
11%
Amapá ~20,100 Oiapoque
11%
Maranhão ~152,300 Paço do Lumiar
11%
Pará ~294,800 Parauapebas
11%
Amazonas ~76,300 Parintins
11%
Piauí ~162,600 Parnaíba
11%
Rio Grande do Norte ~271,700 Parnamirim
11%
Paraíba ~103,700 Patos
11%
Pernambuco ~365,000 Paulista
11%
Piauí ~68,900 Picos
11%
Mato Grosso do Sul ~81,600 Ponta Porã
11%
Amapá ~12,900 Porto Grande
11%
Bahia ~157,500 Porto Seguro
11%
Minas Gerais ~343,800 Ribeirão das Neves
11%
Goiás ~224,500 Rio Verde
11%
Mato Grosso ~254,200 Rondonópolis
11%
Paraíba ~141,100 Santa Rita
11%
São Paulo ~779,400 Santo André
11%
São Paulo ~837,300 São Bernardo do Campo
11%
Rio de Janeiro ~959,900 São Gonçalo
11%
Rio Grande do Norte ~113,700 São Gonçalo do Amarante
11%
Rio de Janeiro ~466,500 São João de Meriti
11%
Maranhão ~255,200 São José de Ribamar
11%
São Paulo ~500,000 São José do Rio Preto
11%
Espírito Santo ~103,800 São Mateus
11%
Paraíba ~39,500 Sapé
11%
Goiás ~173,800 Senador Canedo
11%
Acre ~28,700 Sena Madureira
11%
Espírito Santo ~577,100 Serra
11%
Mato Grosso ~217,100 Sinop
11%
Ceará ~166,300 Sobral
11%
São Paulo ~456,700 Sorocaba
11%
Mato Grosso ~116,100 Sorriso
11%
Amazonas ~61,200 Tabatinga
11%
Maranhão ~162,800 Timon
11%
Mato Grosso do Sul ~137,800 Três Lagoas
11%
Goiás ~150,400 Trindade
11%
Goiás ~218,400 Valparaíso de Goiás
11%
Mato Grosso ~315,200 Várzea Grande
11%
Rio Grande do Sul ~218,600 Viamão
11%
Rondônia ~103,300 Vilhena
11%
Pernambuco ~124,600 Vitória de Santo Antão
11%
Acre ~10,800 Xapuri
11%
Rio Grande do Norte ~44,800 Açu
0%
Roraima ~5,300 Alto Alegre
0%
Piauí ~36,100 Altos
0%
Mato Grosso do Sul ~36,700 Aquidauana
0%
Tocantins ~22,600 Araguatins
0%
Tocantins ~15,800 Augustinópolis
0%
Mato Grosso ~65,300 Barra do Garças
0%
Sergipe ~44,800 Barra dos Coqueiros
0%
Paraíba ~83,500 Bayeux
0%
Roraima ~5,700 Bonfim
0%
Acre ~18,100 Brasiléia
0%
Paraíba ~70,700 Cabedelo
0%
Rio Grande do Norte ~59,300 Caicó
0%
Paraíba ~54,100 Cajazeiras
0%
Amapá ~7,200 Calçoene
0%
Piauí ~35,500 Campo Maior
0%
Roraima ~5,200 Cantá
0%
Roraima ~12,100 Caracaraí
0%
Roraima ~5,600 Caroebe
0%
Rio Grande do Norte ~56,400 Ceará-Mirim
0%
Tocantins ~34,900 Colinas do Tocantins
0%
Alagoas ~43,900 Coruripe
0%
Rio Grande do Norte ~37,400 Currais Novos
0%
Alagoas ~42,200 Delmiro Gouveia
0%
Acre ~13,700 Epitaciolândia
0%
Ceará ~81,200 Eusébio
0%
Rio Grande do Norte ~60,000 Extremoz
0%
Acre ~19,300 Feijó
0%
Rondônia ~34,000 Guajará-Mirim
0%
Paraíba ~52,500 Guarabira
0%
Tocantins ~23,700 Guaraí
0%
Ceará ~76,700 Horizonte
0%
Sergipe ~91,400 Itabaiana
0%
Sergipe ~25,100 Itabaianinha
0%
Rondônia ~41,700 Jaru
0%
Piauí ~28,700 José de Freitas
0%
Amapá ~34,800 Laranjal do Jari
0%
Mato Grosso ~91,700 Lucas do Rio Verde
0%
Rio Grande do Norte ~67,500 Macaíba
0%
Acre ~13,500 Mâncio Lima
0%
Mato Grosso do Sul ~41,800 Maracaju
0%
Alagoas ~61,200 Marechal Deodoro
0%
Amazonas ~31,600 Maués
0%
Amapá ~10,300 Mazagão
0%
Roraima ~11,200 Mucajaí
0%
Mato Grosso do Sul ~49,900 Naviraí
0%
Sergipe ~30,500 Nossa Senhora da Glória
0%
Mato Grosso do Sul ~42,400 Nova Andradina
0%
Piauí ~27,600 Oeiras
0%
Rondônia ~29,700 Ouro Preto do Oeste
0%
Roraima ~11,100 Pacaraima
0%
Ceará ~83,600 Pacatuba
0%
Alagoas ~52,700 Palmeira dos Índios
0%
Tocantins ~53,900 Paraíso do Tocantins
0%
Mato Grosso do Sul ~38,000 Paranaíba
0%
Amapá ~9,300 Pedra Branca do Amapari
0%
Alagoas ~48,400 Penedo
0%
Rondônia ~30,700 Pimenta Bueno
0%
Piauí ~51,700 Piripiri
0%
Tocantins ~47,000 Porto Nacional
0%
Mato Grosso ~91,900 Primavera do Leste
0%
Alagoas ~95,600 Rio Largo
0%
Rondônia ~52,800 Rolim de Moura
0%
Sergipe ~89,300 São Cristóvão
0%
Roraima ~7,100 São João da Baliza
0%
Alagoas ~51,200 São Miguel dos Campos
0%
Piauí ~28,200 São Raimundo Nonato
0%
Acre ~13,900 Senador Guiomard
0%
Paraíba ~55,700 Sousa
0%
Acre ~26,300 Tarauacá
0%
Amapá ~7,700 Tartarugalzinho
0%
Sergipe ~37,000 Tobias Barreto
0%
Tocantins ~18,000 Tocantinópolis
0%
Alagoas ~48,600 União dos Palmares
0%
Amapá ~9,500 Vitória do Jari
0%
No matching quizzes found
Score Distribution
Percent of People with Each Score
Percentile by Number Answered
Your Score History
You have not taken this quiz